Digitálna ekonomika a transformácia podnikových činností

Digitálna ekonomika sa stala jedným z najvýznamnejších faktorov formujúcich súčasné podnikové prostredie. Rýchly technologický pokrok, rozšírená dostupnosť internetu a nástup inovatívnych digitálnych riešení zásadne menia spôsob fungovania podnikov, ich obchodné modely aj hodnototvorné procesy.

Saved in:
Bibliographic Details
Main Author: Stričík, Michal, 1969-
Other Authors: Bindas, Patrik
Format: Book Chapter
Language:Slovak
Subjects:
Tags: Add Tag
No Tags, Be the first to tag this record!

MARC

LEADER 00000naa$a2200000$$$4500
001 0314037
005 20260115110846.9
041 0 |a slo 
044 |a SK 
245 1 0 |a Digitálna ekonomika a transformácia podnikových činností  |c Michal Stričík, Patrik Bindas 
520 |a Digitálna ekonomika sa stala jedným z najvýznamnejších faktorov formujúcich súčasné podnikové prostredie. Rýchly technologický pokrok, rozšírená dostupnosť internetu a nástup inovatívnych digitálnych riešení zásadne menia spôsob fungovania podnikov, ich obchodné modely aj hodnototvorné procesy. 
610 2 0 |a ekonomika digitálna 
610 2 0 |a podnik 
610 2 0 |a digitalizácia 
610 2 0 |a transformácia 
610 2 0 |a regióny 
100 1 |a Stričík, Michal, 1969- 
700 1 |a Bindas, Patrik